| 000 | 00593nam a2200205Ia 4500 | ||
|---|---|---|---|
| 003 | GCL | ||
| 008 | 140319s9999 xx 000 0 ara d | ||
| 040 |
_aGCL / _cGCL |
||
| 082 | 0 | 4 |
_a850.93 _bل ج |
| 100 | 1 | _aنجيب المستكاوى | |
| 245 | 1 | 0 |
_aجرازيلا / _cنجيب المستكاوى |
| 700 | 1 | _aدز سبوك | |
| 700 | 1 | _aجودت عثمان | |
| 700 | 1 | _aلامارتين | |
| 300 | _a145 | ||
| 490 |
_aالالف كتاب _v0 |
||
| 650 | 0 | 4 | _aالادب الايطالى المترجم |
| 650 | 0 | 4 | _aالقصص الايطالية المترجمة |
| 942 |
_2ddc _cBK |
||
| 999 |
_c42928 _d42928 |
||